[Event "New Delhi Skillcraft U1800 op 1st"]
[Site "New Delhi"]
[Date "2025.01.12"]
[Round "9"]
[White "Rishabh, Pradhan"]
[Black "Rishen, Jilowa"]
[Result "1-0"]
[WhiteElo "1715"]
[BlackElo "1773"]
[PlyCount "51"]
[EventDate "2025.01.10"]
[EventType "swiss"]
[EventRounds "9"]
[EventCountry "IND"]
[SourceTitle "CB12_2025"]
[SourceDate "2025.03.19"]
[SourceVersion "1"]
[SourceVersionDate "2025.03.19"]
[SourceQuality "1"]

1. e4 c5 2. Nf3 d6 3. d4 cxd4 4. Nxd4 Nf6 5. Nc3 a6 6. Bg5 Nbd7 7. Qe2 e6 8. 0-0-0 Be7 9. h4 0-0 10. g4 Qc7 11. Bg2 Rb8 12. f4 Nc5 13. h5 Ne8 14. Bxe7 Qxe7 15. g5 Bd7 16. Bh3 b5 17. Qe3 Na4 18. Nxa4 bxa4 19. f5 exf5 20. Bxf5 Bxf5 21. Nxf5 Qb7 22. Qd4 a3 23. b3 Rc8 24. h6 g6 25. Nxd6 Nxd6 26. Qg7# 1-0